Mudra, bank byastha aru antrajatik banijya (Record no. 1488)
[ view plain ]
| 000 -LEADER | |
|---|---|
| fixed length control field | 00496cam a2200181ua 4500 |
| 008 - FIXED-LENGTH DATA ELEMENTS--GENERAL INFORMATION | |
| fixed length control field | 110713n ii |||gr||||Z||||||eng |
| 040 ## - CATALOGING SOURCE | |
| Transcribing agency | MAIN |
| 082 ## - DEWEY DECIMAL CLASSIFICATION NUMBER | |
| Classification number | 332.4 |
| 100 ## - MAIN ENTRY--PERSONAL NAME | |
| Personal name | Goswami, Nonigpal, |
| Relator term | |
| 245 1# - TITLE STATEMENT | |
| Title | Mudra, bank byastha aru antrajatik banijya |
| Statement of responsibility, etc. | by Nonigopal Goswami |
| 250 ## - EDITION STATEMENT | |
| Edition statement | 2nd. |
| 260 ## - PUBLICATION, DISTRIBUTION, ETC. | |
| Place of publication, distribution, etc. | Guahati: |
| Name of publisher, distributor, etc. | Jyoti Prakashan,995. |
| 300 ## - PHYSICAL DESCRIPTION | |
| Extent | 688p: |
| Other physical details | ill; |
| Dimensions | 23cm. |
| 942 ## - ADDED ENTRY ELEMENTS (KOHA) | |
| Koha item type | Books |
| 653 ## - INDEX TERM--UNCONTROLLED | |
| Uncontrolled term | Economics |
| 653 ## - INDEX TERM--UNCONTROLLED | |
| Uncontrolled term | Mudra, bank byastha aru antrajatik banijya |
| Withdrawn status | Lost status | Damaged status | Not for loan | Home library | Current library | Shelving location | Date acquired | Total Checkouts | Full call number | Barcode | Date last seen | Date last checked out | Copy number | Price effective from | Koha item type |
|---|---|---|---|---|---|---|---|---|---|---|---|---|---|---|---|
| Central Library, Naharkatiya College | Central Library, Naharkatiya College | General Stacks | 19/09/2020 | 1 | 332.4 | GOS | 2669 | 22/11/2022 | 26/10/2022 | 1 | 19/09/2020 | Books | ||||
| Central Library, Naharkatiya College | Central Library, Naharkatiya College | General Stacks | 19/09/2020 | 1 | 332.4 | GOS | 2672 | 23/12/2024 | 19/11/2024 | 2 | 19/09/2020 | Books |
